| 000 | 00615nam a2200217Ia 4500 | ||
|---|---|---|---|
| 003 | OSt | ||
| 005 | 20230410144514.0 | ||
| 008 | 210423s2017 xx 000 0 und d | ||
| 020 | _a978-81-7708-443-6 | ||
| 040 | _cAL | ||
| 041 | _aeng | ||
| 082 |
_a363.7 _223 _bMANE |
||
| 100 |
_aMANI (N) _985439 |
||
| 245 | _aEnvoronment climate change and disaster management | ||
| 260 |
_aNew Delhi _bNew Century Publications. _c2017 |
||
| 300 |
_axxii,251 _bHB |
||
| 365 |
_b1440 _cINR |
||
| 650 |
_aEnvironmental Problems _985440 |
||
| 906 | _achange ; climate ; disaster ; Envoronment ; management | ||
| 942 |
_2ddc _cBK |
||
| 999 |
_c169532 _d169532 |
||